Strategická pozícia a výkonnosť železničných podnikov v SR

Meranie strategickej výkonnosti. Ukazovatele rentability. Program Profit impact of market strategies (PIMS). Trh železničnej dopravy v SR. Prepravné výkony v nákladnej a osobnej doprave. Rentabilita železničných spoločností v SR.

Guardado en:
Detalles Bibliográficos
Autor principal: Nemeth, František
Formato: Capítulo de libro
Lenguaje:eslovaco
Materias:
Etiquetas: Agregar Etiqueta
Sin Etiquetas, Sea el primero en etiquetar este registro!

MARC

LEADER 00000naa a2200000 4500
001 0172089
005 20240502083413.6
041 0 |a slo 
044 |a CZ 
245 1 0 |a Strategická pozícia a výkonnosť železničných podnikov v SR  |c František Nemeth 
520 |a Meranie strategickej výkonnosti. Ukazovatele rentability. Program Profit impact of market strategies (PIMS). Trh železničnej dopravy v SR. Prepravné výkony v nákladnej a osobnej doprave. Rentabilita železničných spoločností v SR. 
610 2 0 |a doprava železničná nákladná 
610 2 0 |a doprava železničná osobná 
610 2 0 |a výkonnosť 
610 2 0 |a spoločnosti dopravné 
610 2 0 |a rentabilita 
100 1 |a Nemeth, František